LEADER 00937nam a2200253 i 4500 001 000000057589 003 CaOOAMICUS 005 20181019151937.0 008 971016s1992 it u000 u ita u 013 $a28761 020 $a88-85985-23-8 040 $aSeMil$bita 245 10$aAnno A. 300 $a513 p. 500 $aCon dedica autografa dell'Autore 650 4$aAnno liturgico ambrosiano - Commenti.$0(OLS)http://semarc/subject/8426 700 1 $aCecchin, Franco,$c.$0(OLS)http://semarc/name/4292 773 0 $aCecchin, Franco $tParola quotidiana.$dMilano : In Dialogo, 1992-1994.$w()8486 850 $aSeMil 852 $aSeMil$W1$xVenegono$y1$m3F V 532/A$j23743$B23743$CSeMilBibl$Z2$F23745 $81 961 $aOmaggio: Mezzanotti mons. Alessandro 996 $6020$a88-85985-23-8$9(OLS)http://semarc/number/32974 996 $6245$aAnno A$9(OLS)http://semarc/title/22553 LEADER 01420nam a2200313 i 4500 001 000000129801 003 CaOOAMICUS 005 20041015000000.0 008 041015s2004 it u000 u ita u 013 $a102534 020 $a88-372-1989-X 040 $aSeMil$bita 100 1 $aLevin, Christoph,$d<1950- >.$0(OLS)http://semarc/name/4985 240 14$aDas Alte Testament.$0(OLS)http://semarc/title/191408 245 10$aIntroduzione all'Antico Testamento /$cChristoph Levin ; a cura di Flavio Dalla Vecchia. 260 $aBrescia :$bMorcelliana,$c2004. 300 $a175 p. ;$c23 cm. 490 0 $aL'Antico Testamento commentato 650 4$aBibbia. Antico Testamento - Introduzioni.$0(OLS)http://semarc/subject/324 700 1 $aDalla Vecchia, Flavio.$0(OLS)http://semarc/name/94 774 0 $aDalla Vecchia, Flavio$tStoria dell'interpretazione dell'Antico Testamento.$w()304567 774 0 $aDalla Vecchia, Flavio$tLibri deuterocanonici.$w()304568 830 2$aL'Antico Testamento commentato.$0(OLS)http://semarc/title/12213 850 $aSeMil 852 $aSeMil$W1$xVenegono$y1$m2V III 81$j83905$B83905$CSeMilBibl$Z2$F87322 $81 961 $aAcquisto: Àncora (Libreria) 996 $6020$a88-372-1989-X$9(OLS)http://semarc/number/116618 996 $6245$aIntroduzione all'Antico Testamento$9(OLS)http://semarc/title/1548 996 $6260$aBrescia :$bMorcelliana$9(OLS)http://semarc/publisher/29629